|
|
|
|
| LEADER |
00877nam a2200229 a 4500 |
| 001 |
GR-Patra18922 |
| 008 |
060207s2005 enk g 000 0 eng d |
| 020 |
|
|
|a 1856045323
|
| 040 |
|
|
|a GrPaTEI
|b gre
|c GR-PaULI
|
| 040 |
|
|
|a GrPaTEI
|b gre
|c GR-PaULI
|
| 082 |
|
0 |
|a 027.041
|2 21
|
| 245 |
0 |
0 |
|a Libraries and information services in the United Kingdom and the remublic of Ireland 2005-2006.
|
| 250 |
|
|
|a 32nd ed.
|
| 260 |
|
|
|a London :
|b Facet,
|c c2005
|
| 300 |
|
|
|a ix, 547σ.
|
| 650 |
|
0 |
|a Librarians
|z Great Britain
|x Directories
|
| 650 |
|
0 |
|a Libraries
|z Ireland
|x Directories
|
| 710 |
0 |
|
|a Facet Publishing
|
| 942 |
|
|
|2 ddc
|
| 952 |
|
|
|0 0
|1 0
|2 ddc
|4 0
|6 027_041000000000000_LIB
|7 0
|9 299177
|a LISK
|b LISK
|c BSC
|d 2021-01-17
|e 24
|f 0
|g 0.00
|l 0
|o 027.041 LIB
|p 92410028021
|r 2021-01-17 00:00:00
|t 1
|w 2021-01-17
|y BK15
|x 20060207 0 1
|x GrPaTEI
|
| 971 |
|
|
|a .b26664379
|b 15-04-20
|c 23-09-16
|
| 999 |
|
|
|c 173962
|d 173962
|